Philosophy of nonlinear control systems / (Record no. 175911)

000 -LEADER
fixed length control field 01468 a2200205 4500
003 - CONTROL NUMBER IDENTIFIER
control field Nust
005 - DATE AND TIME OF LATEST TRANSACTION
control field 20230221134745.0
010 ## - LIBRARY OF CONGRESS CONTROL NUMBER
LC control number 90005769
020 ## - INTERNATIONAL STANDARD BOOK NUMBER
International Standard Book Number 0849371279
040 ## - CATALOGING SOURCE
Transcribing agency Nust
082 00 - DEWEY DECIMAL CLASSIFICATION NUMBER
Classification number 629.8312,,PHI
245 00 - TITLE STATEMENT
Title Philosophy of nonlinear control systems /
Statement of responsibility, etc. edited by B. Naumov.
260 ## - PUBLICATION, DISTRIBUTION, ETC.
Place of publication, distribution, etc. Moscow :
Name of publisher, distributor, etc. MIR Publishers ;
Place of publication, distribution, etc. Boca Raton :
Name of publisher, distributor, etc. CRC Press,
Date of publication, distribution, etc. c1990.
300 ## - PHYSICAL DESCRIPTION
Extent 392 p. :
Other physical details ill. ;
Dimensions 24 cm.
440 #0 - SERIES STATEMENT/ADDED ENTRY--TITLE
Title Advances in science and technology in the USSR.
9 (RLIN) 109356
505 ## - FORMATTED CONTENTS NOTE
Formatted contents note Introduction (Page-11), Application of Lyapunov's second method to analysis and design of control systems (Page-17), Nonlinear control systems: frequency analysis of absolute stability and performance (Page-50), Evaluation of regions of stability, instability, and self-excited oscillations in nonlinear systems (Page-91), Synthesis of piecewise-linear compensating elements (Page-144), Multiloop nonlinear system design (Page-179),Logical control of nonlinear systems (Page-204), Fundamentals of statistical analysis and synthesis of complicated dynamic systems (Page-243), Stability of nonlinear stochastic systems: a path integral approach (Page-277), Analysis and synthesis of discrete control control systems based on multidimensional z-transforms (Page-331), Sequential decision making in multicriterial optimization of nonlinear systems (Page-370).
650 #0 - SUBJECT ADDED ENTRY--TOPICAL TERM
Topical term or geographic name entry element Telecommunication Engineering.
700 1# - ADDED ENTRY--PERSONAL NAME
Personal name Naumov, B. N.
9 (RLIN) 109357
942 ## - ADDED ENTRY ELEMENTS (KOHA)
Koha item type Reference
Source of classification or shelving scheme
Holdings
Withdrawn status Lost status Source of classification or shelving scheme Damaged status Not for loan Permanent Location Current Location Shelving location Date acquired Full call number Barcode Date last seen Price effective from Koha item type Public note
          Military College of Signals (MCS) Military College of Signals (MCS) Reference 12/12/2016 629.8312,PHI MCS30793 12/08/2016 12/12/2016 Reference Almirah No.71, Shelf No.1
© 2023 Central Library, National University of Sciences and Technology. All Rights Reserved.